LEADER 01692nam a2200361 a 4500 001 000000158664 003 CaOOAMICUS 005 20170207100500.0 008 170207s2016 sz u000 u ger r 020 $a9783727817922 (Vandenhoeck & Ruprecht)* 020 $a9783525531259 (Academic Press Fribourg)* 032 $aLibriCat 040 $aPUL$bita 082 04$a220.05 100 1 $aSchütte, Wolfgang.$0(OLS)http://pul/name/101351 245 10$aIsraels Exil in Juda :$bUntersuchungen zur Entstehung der Schriftprophetie /$cWolfgang Schütte. 260 $aFreiburg :$bAcademic Press Fribourg,$cİ2016$aGöttingen :$bVandenhoek & Ruprecht 300 $aVIII, 270 p. ;$c25 cm. 490 1 $aOrbis biblicus et orientalis ;$v279 504 $aBibliografia in nota a piè pagina. 650 4$aProfeti.$0(OLS)http://pul/subject/10036 830 0$aOrbis biblicus et orientalis ;$v279.$0(OLS)http://pul/title/14045 850 $aPUL 852 $aPUL$W1$xSL Religione 3$y85$m220. 05 COLL 1.279$j181968$qDDC 21$B185144$CPULBib$Z2$F185144 $H128921 $81 941 1 $a9 983 0$aOBO. 996 $6020$a9783727817922 (Vandenhoeck & Ruprecht)*$9(OLS)http://pul/number/162026 996 $6020$a9783525531259 (Academic Press Fribourg)*$9(OLS)http://pul/number/162027 996 $6082$a220.05$9(OLS)http://pul/classification/282 996 $6245$aIsraels Exil in Juda :$bUntersuchungen zur Entstehung der Schriftprophetie$9(OLS)http://pul/title/198279 996 $6260$aFreiburg :$bAcademic Press Fribourg$9(OLS)http://pul/publisher/79037 996 $6260$aGöttingen :$bVandenhoek & Ruprecht$9(OLS)http://pul/publisher/55080 LEADER 01367nam a2200301 a 4500 001 000000171867 003 CaOOAMICUS 005 20190509171232.0 008 190509s2018 it 001 u ita r 020 $a978-88-13-359089* 032 $aLibriCat 040 $aPUL$bita 082 04$a343.4504 100 1 $aBeghin, Mauro.$0(OLS)http://pul/name/103255 245 10$aDiritto tributario :$bper l'università e per la preparazione all'esercizio delle professioni economico-giuridiche /$cMauro Beghin. 250 $aQuarta edizione 260 $aMilano :$bWolters Kluwer,$c2018$aPadova :$bCEDAM 300 $aXIX, 825 p. ;$c24 cm. 650 4$aDiritto tributario$zItalia.$0(OLS)http://pul/subject/18167 850 $aPUL 852 $aPUL$W1$xSL Diritto e Scienze Sociali 3$y79$m343. 4504 BEGMA 2$j195720$qDDC 21$B200566$CPULBib$Z2$F200566 $H132698 $82 941 1 $a9 996 $6020$a978-88-13-359089*$9(OLS)http://pul/number/162854 996 $6082$a343.4504$9(OLS)http://pul/classification/2041 996 $6245$aDiritto tributario :$bper l'università e per la preparazione all'esercizio delle professioni economico-giuridiche$9(OLS)http://pul/title/212720 996 $6260$aMilano :$bWolters Kluwer$9(OLS)http://pul/publisher/87159 996 $6260$aPadova :$bCEDAM$9(OLS)http://pul/publisher/48126